01846nam a2200337 a 4500001001000000003000900010005001700019007000300036008003600039040003000075082003100105111011600136245015000252246006600402260000600468264004700474300006200521336002700583337003300610338002800643505053200671590002601203650006101229650005001290700002601340700003701366700003601403910004001439942001201479999001701491000045145DO-SdBPM20251114091731.0ta150205s2014 dr ac 000 0 spa d aDO-SdBPMbspacBPMSUdrda 4222a002.074 bA881f 20142 aFeria Internacional del Libron(17ª :d2014 : 24 de abril al 5 de mayocSanto Domingo, República Dominicana)00aAtlas Ferial :b el quién es quién de la FIL Santo Domingo. 2014 /c editora Romina Bayo ; colaboradores Valentín Amaro, Basilio Belliard 13a Feria Internacional del Libro Santo Domingo :bAtlas ferial  b  aSanto Domingo :bEditora Ferilibro, c2014 a[163] páginas :bilustraciones, fotografías;c21 cm. atextobtxt2rdacontent asin mediaciónbn2rdamedia avolumenbnc2rdacarrier0 a24 de abril - Inicia el recorrido.-- 25 de abril - Día de Lusitania Martínez.-- 26 de abril - Día de Frank Báez.-- 27 de abril - Día de Carlos Esteban Deive.-- 28 de abril - Tomás Castro Burdiez.-- 29 de abril - José Miguel Soto Jiménez.-- 30 de abril - Día de Tony Raful.-- 1 de mayo - Día de Miguel De Camps.-- 2 de mayo - Día de Eleonor Grimaldi.-- 3 de mayo - Día de Enegildo Peña.-- 4 de mayo - Día de Medar Serrata.-- 5 de mayo - Día de José Dunker.-- El quién es quién de la FIL 2014. aInventariado, 2025/VM 7aIndustria del librozRepública Dominicana xCompendio  7aFeria del librozRepública Dominicanay20141 aBayo, Rominaeeditora1 a Amaro, Valentín ecolaborador1 a Belliard Basilioecolaborador  aVMateo V. Control de calidad. BPMSU 2ddccBK c15503d15503